Ga door naar de inhoud

Концепция устойчивого социально-экономического развития Республики Бурятия. Рабочая тетрадь

Рабочая тетрадь по дисциплине «Концепция устойчивого социально-экономического развития Республики Бурятия» предназначена для студентов бакалавриата 1-4 года обучения Института экономики и права Восточно-Сибирского государственного университета технологий и управления. Задания, предлагаемые в тетради...

Volledige beschrijving

Bewaard in:
Bibliografische gegevens
Hoofdauteur: Алексеева Г. Е.
Andere auteurs: Таханова О. В., Цыбикдоржиева Ж. Д.
Formaat: Книга
Taal:Russian
Gepubliceerd in: Улан-Удэ ВСГУТУ 2016
Online toegang:https://e.lanbook.com/book/236084
https://e.lanbook.com/img/cover/book/236084.jpg
Tags: Voeg label toe
Geen labels, Wees de eerste die dit record labelt!
LEADER 02255nam0a2200253 i 4500
001 236084
003 RuSpLAN
005 20221220174156.0
008 221220s2016 ru gs 000 0 rus
040 |a RuSpLAN 
041 0 |a rus 
044 |a ru 
245 0 0 |a Концепция устойчивого социально-экономического развития Республики Бурятия. Рабочая тетрадь  |c Алексеева Г. Е.,Таханова О. В.,Цыбикдоржиева Ж. Д. 
260 |a Улан-Удэ  |b ВСГУТУ  |c 2016 
300 |a 24 с. 
504 |a Библиогр.: доступна в карточке книги, на сайте ЭБС Лань 
520 8 |a Рабочая тетрадь по дисциплине «Концепция устойчивого социально-экономического развития Республики Бурятия» предназначена для студентов бакалавриата 1-4 года обучения Института экономики и права Восточно-Сибирского государственного университета технологий и управления. Задания, предлагаемые в тетради, помогут студентам систематизировать полученные знания, развить способности самостоятельной работы с литературой и управленческое мышление. Преподавателям рабочая тетрадь поможет лучше организовать проведение семинарских занятий, а также планировать самостоятельную работу студентов во внеаудиторное время. 
521 8 |a Книга из коллекции ВСГУТУ - Экономика и менеджмент 
100 1 |a Алексеева Г. Е. 
700 1 |a Таханова О. В. 
700 1 |a Цыбикдоржиева Ж. Д. 
856 4 |u https://e.lanbook.com/book/236084 
856 4 8 |u https://e.lanbook.com/img/cover/book/236084.jpg 
953 |a https://e.lanbook.com/img/cover/book/236084.jpg